Devinez les footballeurs selon leurs carrières #1 - Statistiques

Statistiques générales
  • Ce quiz a été pris 417 fois
    30 depuis la dernière actualisation
  • Le résultat moyen est 7 sur 12
Statistiques - réponses
Carrière Joueur % Correct
Florian Thauvin
87%
Benjamin Mendy
86%
Kylian Mbappé
78%
Nabil Fékir
69%
N'Golo Kanté
63%
Olivier Giroud
61%
Antoine Griezmann
60%
Paul Pogba
58%
Ousmane Dembélé
56%
Alphonse Areola
54%
Lucas Hernandez
50%
Samuel Umtiti
50%
Raphaël Varane
47%
Steve Mandanda
47%
Steven Nzonzi
47%
Blaise Matuidi
46%
Hugo Lloris
46%
Benjamin Pavard
44%
Thomas Lemar
44%
Adil Rami
42%
Djibril Sidibé
33%
Presnel Kimpembe
29%
Aucun quiz correspondant
Distribution des résultats
% des personnes avec chaque résultat
Percentile par nombre de réponses
Votre historique - résultats
Vous n’avez pas pris ce quiz depuis la dernière actualisation